Ozbrojené konflikty z pohľadu medzinárodného práva

Klasifikácia medzinárodných a vnútroštátnych konfliktov a zvláštnych rysov ich jednotlivých typov. Riešenie otázok zodpovednosti za protiprávne konanie či už jednotlivcov alebo štátnych orgánov.

Salvato in:
Dettagli Bibliografici
Autore principale: Mráz, Stanislav
Natura: Capitolo di libro
Lingua:slovacco
Soggetti:
Tags: Aggiungi Tag
Nessun Tag, puoi essere il primo ad aggiungerne!!

MARC

LEADER 00000naa$a2200000$$$4500
001 0261619
005 20240502074151.1
041 0 |a slo 
044 |a SK 
245 1 0 |a Ozbrojené konflikty z pohľadu medzinárodného práva  |c Stanislav Mráz 
520 |a Klasifikácia medzinárodných a vnútroštátnych konfliktov a zvláštnych rysov ich jednotlivých typov. Riešenie otázok zodpovednosti za protiprávne konanie či už jednotlivcov alebo štátnych orgánov. 
610 2 0 |a vojny 
610 2 0 |a právo medzinárodné 
610 2 0 |a práva ľudské 
610 2 0 |a konflikty 
100 1 |a Mráz, Stanislav